Psichologija mežličnostnych otnošenij

Uložené v:
Podrobná bibliografia
Hlavný autor: Obozov, Nikolaj Nikolajevič
Médium: Kniha
Jazyk:Russian
Vydavateľské údaje: Kijev Lybid' 1990
Vydanie:1. izd.
Tagy: Pridať tag
Žiadne tagy, Buďte prvý, kto otaguje tento záznam!

MARC

LEADER 00000nam a2200000 4500
001 c022218
005 20221215134500.4
041 0 |a rus 
044 |a UA 
245 1 0 |a Psichologija mežličnostnych otnošenij  |c Nikolaj Nikolajevič Obozov 
250 |a 1. izd. 
264 1 |a Kijev  |b Lybid'  |c 1990 
300 |a 191 s. 
100 1 |a Obozov, Nikolaj Nikolajevič